| 000 | 01017cab a2200289 4500 | ||
|---|---|---|---|
| 001 | ABS45792 | ||
| 008 | 090401t1991 xxu||||| |||| 00| 0 eng d | ||
| 035 | _a(Sirsi) u55075 | ||
| 041 | _aeng | ||
| 245 | _aAlternative land use | ||
| 260 | _c1991 | ||
| 300 | _aLOAN | ||
| 350 | _a0 | ||
| 490 |
_aFarm Development Review _v6(2) December 1991, (8) |
||
| 520 | _aApproves the changes in Food from Britain`s marketing and funding arrangements for speciality foods, reviews the English Tourist Board`s development guides and warns of legal uncertainty in the `war games` business. Cost and income figures for pay and play golf courses are given, and the new Farm Woodland Premium Scheme is noted. | ||
| 650 | _aADVENTURE GAMES | ||
| 650 | _aBED AND BREAKFAST | ||
| 650 | _aCARAVAN SITES | ||
| 650 | _aDIVERSIFICATION | ||
| 650 | _aGAS GUNS | ||
| 650 | _aPLANTING GRANTS | ||
| 650 | _aSELF-CATERING | ||
| 650 | _aTOURISM DEVELOPMENT | ||
| 690 | _aRURAL PRACTICE | ||
| 942 | _n0 | ||
| 948 | _c04/03/1997 | ||
| 999 |
_c33680 _d33680 |
||